000 00420nam a2200169Ia 4500
008 230711s9999||||xx |||||||||||||| ||und||
020 _a978-81-219-0281-6
041 _aENG
082 _a658
_bHI-O
100 _aHira,D.S
245 0 _aOperations research
250 _a7th Ed.
260 _c2014
_aNew Delhi
_bS.Chand & Company Ltd
650 _aUNIVESITY BUSNIESS SCHOOL
700 _aGupta,Prem Kumar
942 _cBK
999 _c2205
_d2205